Fast Typing Phonetically Transcribed Words - Statistics

General Stats
  • This quiz has been taken 58 times
  • The average score is 6 of 20
Answer Stats
IPA Answer % Correct
/ˈdaɪ.nə.sɔːr/ dinosaur
76%
/ˌʌn.dəˈwel.mɪŋ/ underwhelming
50%
/ˈdʒɪŋ.ɡəl/ jingle
42%
/ˈeə.pleɪn/ airplane
38%
/nʌm/ numb
38%
/ˈfɑː.mə.si/ pharmacy
38%
/juːˈkreɪn/ Ukraine
36%
/ˈsen.tər/ center
32%
/dʒiˈɒɡ.rə.fi/ geography
30%
/ˈpɪl.əʊ/ pillow
30%
/ˈkɒn.ʃəs/ conscious
28%
/ˈnjuː.ɑːns/ nuance
28%
/ˈθʌr.ə/ thorough
26%
/kəʊl/ coal
20%
/aɪl/ isle / aisle
20%
/əˈsaɪn/ assign
18%
/ˈdʒæn.ɪ.tər/ janitor
18%
/tʃiːp/ cheap
14%
/ˈfeə.rəʊ/ pharaoh
14%
/pɜːs/ purse
10%
No matching quizzes found
Score Distribution
Percent of People with Each Score
Percentile by Number Answered
Your Score History
You have not taken this quiz